| 000 | 00477nam a2200193Ia 4500 | ||
|---|---|---|---|
| 005 | 20230325104427.0 | ||
| 008 | 131103s9999 xx 000 0 und d | ||
| 020 | _cRs.8 | ||
| 040 | _aLoreto College | ||
| 041 | _aEnglish | ||
| 082 |
_a891.443 _bCHA |
||
| 100 | _aChattopadhaya, Partha | ||
| 245 |
_aDetline dhaka _cPartha Chattopadhaya |
||
| 260 |
_aKolkata _bRuprekha Prakason _c1971 |
||
| 300 | _a222p. | ||
| 650 | _aBengali fiction | ||
| 850 | _aLCLIB | ||
| 942 | _cBK | ||
| 999 |
_c21617 _d72096 |
||